| 000 | 00602nam a2200205 a 4500 | ||
|---|---|---|---|
| 005 | 20240425063910.0 | ||
| 008 | 991125s1979 mad 000 0 spa u | ||
| 020 | _a8426903339 | ||
| 035 | _aUPN01000025158 | ||
| 049 | _aCG | ||
| 050 | 4 |
_aLB1025 _bM2 1979 |
|
| 100 | 1 |
_aMager, Robert Frank, _d1923- _929098 |
|
| 245 | 1 | 0 |
_aFormulación operativa de objetivos didácticos / _cRobert F. Mager ; tr. Jorge Piqué Angordans. |
| 250 | _a4a ed. rev. | ||
| 260 |
_aMadrid : _bMarova, _c1979. |
||
| 300 | _a135 p. | ||
| 440 | 0 |
_aBiblioteca del educador ; _v8 |
|
| 650 | 4 |
_aEnseñanza _96215 |
|
| 905 | _aLibro | ||
| 999 |
_c25158 _d25158 |
||